[Event "Zadar op"]
[Site "Zadar"]
[Date "2004.12.14"]
[Round "3"]
[White "Podrug, Frane"]
[Black "Mandekic, Ivan"]
[Result "0-1"]
[WhiteElo "2025"]
[BlackElo "2246"]
[PlyCount "138"]
[EventDate "2004.12.13"]
[EventType "swiss"]
[EventRounds "9"]
[EventCountry "CRO"]
[SourceTitle "CBM 103 Extra"]
[Source "ChessBase"]
[SourceDate "2005.01.01"]
[SourceVersion "1"]
[SourceVersionDate "2005.01.01"]
[SourceQuality "1"]

1. d4 Nf6 2. c4 e6 3. a3 c5 4. dxc5 Bxc5 5. e3 Be7 6. Nd2 d6 7. Be2 Qc7 8. Bf3 Nc6 9. Ne2 Ne5 10. Qc2 0-0 11. Nd4 Nxf3+ 12. N2xf3 b6 13. 0-0 Bb7 14. Nb5 Qb8 15. Qe2 Rc8 16. b3 a6 17. Nbd4 d5 18. cxd5 Bxd5 19. Bb2 Qb7 20. Rfc1 Rxc1+ 21. Rxc1 Rc8 22. Rxc8+ Qxc8 23. h3 Ne4 24. Qd3 Bf6 25. b4 Nd6 26. Nd2 Bb7 27. e4 Nb5 28. Nxb5 Bxb2 29. Nd6 Qd8 30. N2c4 Bf6 31. Qe3 Bc6 32. e5 Be7 33. Qxb6 Qxb6 34. Nxb6 Bxd6 35. exd6 Kf8 36. f4 f6 37. Kf2 Kf7 38. g4 g5 39. Kg3 h6 40. h4 e5 41. hxg5 hxg5 42. f5 Ke8 43. a4 Kd8 44. Kf2 Be4 45. Ke3 Bg2 46. b5 axb5 47. axb5 Bh1 48. d7 Bg2 49. Kf2 Bh1 50. Kg3 Kc7 51. Kf2 Kd8 52. Ke3 Bg2 53. Na4 Kxd7 54. Nc5+ Kd6 55. Ne6 Bd5 56. b6 Kc6 57. Ng7 Kd6 58. Ne8+ Ke7 59. Nc7 Bb7 60. Kd3 Kd7 61. Kc4 Bf3 62. Ne6 Kc6 63. b7 Kxb7 64. Kc5 Bxg4 65. Ng7 Bf3 66. Ne6 g4 67. Ng5 e4 68. Kd4 g3 69. Ke3 fxg5 0-1

[Event "Omis op"]
[Site "Omis"]
[Date "2004.10.08"]
[Round "4"]
[White "Podrug, Frane"]
[Black "Susak, Zeljko"]
[Result "0-1"]
[WhiteElo "2025"]
[BlackElo "2251"]
[PlyCount "86"]
[EventDate "2004.10.06"]
[EventType "swiss"]
[EventRounds "7"]
[EventCountry "CRO"]
[SourceTitle "CBM 102 Extra"]
[Source "ChessBase"]
[SourceDate "2004.11.03"]
[SourceVersion "1"]
[SourceVersionDate "2004.11.03"]
[SourceQuality "1"]

1. d4 Nf6 2. c4 e6 3. a3 b6 4. Nc3 d5 5. Nf3 Be7 6. e3 0-0 7. Bd3 dxc4 8. Bxc4 Bb7 9. Qe2 c5 10. dxc5 bxc5 11. 0-0 Nc6 12. Bd2 Qc7 13. Rad1 Rad8 14. Bc1 Na5 15. Ba2 Nd5 16. Nxd5 exd5 17. Bd2 Qb6 18. Bc3 Ba6 19. Qd2 Nb3 20. Bxb3 Qxb3 21. Rfe1 Qa4 22. h3 Qe4 23. Qc1 Bb7 24. Ba5 Rc8 25. Qd2 Qg6 26. Ne5 Qe6 27. f4 Bf6 28. Ng4 Be7 29. Kh2 Bh4 30. Rf1 Rfe8 31. g3 h5 32. f5 Qd6 33. Rf4 Bg5 34. Nf2 h4 35. Ng4 hxg3+ 36. Kxg3 d4 37. h4 Bxf4+ 38. exf4 Qd5 39. Qf2 Qb3+ 40. Kh2 Qxd1 41. Ne5 Qh1+ 42. Kg3 Qe4 43. Kg4 Rxe5 0-1